NCIS - Statistics

General Stats
  • This quiz has been taken 55 times
  • The average score is 7 of 17
Answer Stats
Hint Answer % Correct
Who has the nickname "Ducky"? Donald Mallard
87%
How many of Gibb's wives have died? 2
66%
Who is the Supervisory Special Agent in New Orleans? Dwayne Pride
62%
Which character has the same name as his father? Anthony DiNozzo
60%
Which rapper plays a character on NCIS? LL Cool J
57%
Who is the Special Agent in Charge of the Major Case Response Team? Leroy Jethro Gibbs
51%
Who is the police liason on the NCIS team? Marty Deeks
43%
Who was a Navy SEAL? Sam Hanna
38%
Who is the newest member of the Major Case Response Team? Eleanor Bishop
36%
What is Special Agent Pride's nickname? King
36%
What is the name of Abby's stuffed hippo? Bert
28%
Who is the Special Agent in Charge in Los Angeles? Henrietta Lange
26%
Where was G Callen born? Romania
23%
Who transferred from the Great Lakes office? Meredith Brody
13%
What is Pride's daughter majoring in? Music
13%
What is Kensi Blye's favourite movie? Titanic
9%
Which character went to Harvard University? Loretta Wade
6%
No matching quizzes found
Score Distribution
Percent of People with Each Score
Percentile by Number Answered
Your Score History
You have not taken this quiz